000 00445nam a2200169Ia 4500
003 GCL
008 140319s9999 xx 000 0 eng d
040 _aGCL /
_cGCL
082 0 4 _a621.39
_bS E
100 1 _aSHERR, SOL
245 1 0 _aELECTRONIC DISPLAYS /
_cSHERR, SOL
260 _a[S.N] :
_bMACMILLAN PUBLISHING COMPANY ،
_c1993
300 _a624 P
650 0 4 _aCOMPUTER SYSTEM
650 0 4 _aINFORMATION DISPLAY SYSTEMS
942 _2ddc
_cBK
999 _c17391
_d17391